Normal view MARC view

Entry Personal Name

Number of records used in: 3

001 - CONTROL NUMBER

  • control field: 6884

003 - CONTROL NUMBER IDENTIFIER

  • control field: DLC

005 - DATE AND TIME OF LATEST TRANSACTION

  • control field: 20260307141826.0

008 - FIXED-LENGTH DATA ELEMENTS

  • fixed length control field: 811022n| azannaabn |a aaa

010 ## - LIBRARY OF CONGRESS CONTROL NUMBER

  • LC control number: n 81071701

035 ## - SYSTEM CONTROL NUMBER

  • System control number: (OCoLC)oca00617013

040 ## - CATALOGING SOURCE

  • Original cataloging agency: DLC
  • Language of cataloging: eng
  • Description conventions: rda
  • Transcribing agency: DLC
  • Modifying agency: DLC
  • Modifying agency: OCoLC
  • Modifying agency: DLC
  • Modifying agency: ICRL

046 ## - SPECIAL CODED DATES

  • Birth date: 1924
  • Death date: 1992

053 #0 - LC CLASSIFICATION NUMBER

  • Classification number element--single number or beginning number of span: PL4718.9.T54

100 0# - HEADING--PERSONAL NAME

  • Personal name: Thoppil Bhasi,
  • Dates associated with a name: 1924-1992

370 ## - ASSOCIATED PLACE

  • Associated country: India

374 ## - OCCUPATION

  • Occupation: Dramatists
  • Source of term: lcsh

374 ## - OCCUPATION

  • Occupation: Screenwriters
  • Source of term: lcsh

374 ## - OCCUPATION

  • Occupation: Political activists
  • Source of term: lcsh

377 ## - ASSOCIATED LANGUAGE

  • Language code: mal

400 1# - SEE FROM TRACING--PERSONAL NAME

  • Personal name: Bhaasil, Tooppil,
  • Dates associated with a name: 1924-1992

400 1# - SEE FROM TRACING--PERSONAL NAME

  • Personal name: Bhasi, Thoppil,
  • Dates associated with a name: 1924-1992

400 1# - SEE FROM TRACING--PERSONAL NAME

  • Personal name: Bhāsi, Tōppil,
  • Dates associated with a name: 1924-1992

400 0# - SEE FROM TRACING--PERSONAL NAME

  • Personal name: Soman,
  • Dates associated with a name: 1924-1992

400 0# - SEE FROM TRACING--PERSONAL NAME

  • Personal name: Tooppil Bhaasi,
  • Dates associated with a name: 1924-1992

400 0# - SEE FROM TRACING--PERSONAL NAME

  • Personal name: Tōppil Bhāsi,
  • Dates associated with a name: 1924-1992

670 ## - SOURCE DATA FOUND

  • Source citation: Author's Aśvamēdhaṃ, 1962:
  • Information found: English title page (Thoppil Bhasi); Malayalam title page (Tōppil Bhāsi)

670 ## - SOURCE DATA FOUND

  • Source citation: His Oḷivile ōrmmakalkkuśēṣaṃ, 1993:
  • Information found: t.p. (Tōppil Bhāsi) p. 5 (b. 4/8/1924; Mal. screenwriter and film dir. besides being playwright; communist activist; studied San., Sastri level; Vaidyakalanidhi, from Govt. Ayurveda Coll., Trivandrum; mem. of the legisl., 1954- and 1957- in Kerala; d. 12/8/1992)

670 ## - SOURCE DATA FOUND

  • Source citation: Memories in hiding, 1996:
  • Information found: t.p. (Tooppil Bhaasi)

670 ## - SOURCE DATA FOUND

  • Source citation: Avaḷuṭe rāvukaḷ, 1999?
  • Information found: container (Soman, cast; film not viewed)

670 ## - SOURCE DATA FOUND

  • Source citation: Internet movie database WWW site, viewed Nov. 4, 2009
  • Information found: (Soman, stage name for Thoppil Bhasi; d. 1992)

Powered by Koha